00272 a2200121 4500245002800000020001500028100002000043650001500063005001700078260002400095084001400119999001700133 aThe promised landhText a0679733477 aNicholas Lemann aliterature20191021095801.0 bVintage Booksc1992 aE185.6L36 c12673d12673